000 00441nam a2200181Ia 4500
001 11460
005 20260306162829.0
008 260306t1973||||xx |||||||||||||| ||spa||
041 _aESP
082 _a985.06
_bC265
100 _aCongrains Martín, Eduardo
_eAUT
245 0 _aLa batalla de San Juan (Chorrillos)
260 _c1973
300 _a151 páginas :
_c17 cm.
650 _aGEN
654 _aCHU
942 _cLIB
_dJUS
_fJUS
_2ddc
_n
999 _c11460
_d11460